LEADER 00994nam0-22003371i-450- 001 990001133930403321 010 $a0-12-092250-9 035 $a000113393 035 $aFED01000113393 035 $a(Aleph)000113393FED01 035 $a000113393 100 $a20000920d1979----km-y0itay50------ba 101 0 $aeng 200 1 $aNonnegative matrices in the mathematical sciences$fAbraham Berman, Robert J. Plemmons 210 $aNew York [etc.]$cAcademic Press$d1979 225 1 $aComputer science and applied mathematics 610 0 $aMatrici non negative 610 0 $aMetodi iterative per sistemi lineari 676 $a512.9 700 1$aBerman,$bAbraham$042972 702 1$aPlemmons,$bRobert J. 801 0$aIT$bUNINA$gRICA$2UNIMARC 901 $aBK 912 $a990001133930403321 952 $a8-M-1$b19856$fMA1 959 $aMA1 962 $a15A48 962 $a65F10 996 $aNonnegative matrices in the mathematical sciences$9345289 997 $aUNINA DB $aING01 LEADER 01272nas 2200421-- 450 001 9910211691003321 005 20260218111141.0 011 $a2527-7162 035 $a(CKB)1000000000327455 035 $a(CONSER)---75648332- 035 $a(DE-599)ZDB2901671-X 035 $a(DE-599)2901671-X 035 $a(EXLCZ)991000000000327455 100 $a20760207c1968uuuu --- b 101 0 $aind 181 $ctxt$2rdacontent 182 $cc$2rdamedia 200 00$aIlmu pertanian 210 $aJogjakarta$cFakultas Pertanian, Universitas Gadjah Mada 215 $a1 online resource 300 $aRefereed/Peer-reviewed 311 08$a0126-4214 517 3 $aAgricultural science 606 $aAgriculture$zIndonesia$vPeriodicals 606 $aAgriculture$vPeriodicals 606 $aAgriculture$2fast$3(OCoLC)fst00801355 607 $aIndonesia$2fast$1https://id.oclc.org/worldcat/entity/E39PBJcrbVHmQ674B9vYY3X8G3 608 $aPeriodicals.$2fast 615 0$aAgriculture 615 0$aAgriculture 615 7$aAgriculture. 676 $a630.9598 712 02$aUniversitas Gadjah Mada.$bFakultas Pertanian. 906 $aJOURNAL 912 $a9910211691003321 920 $aexl_impl conversion 996 $aIlmu pertanian$92016908 997 $aUNINA